Olivia Rodrigo - Paroles begged - Statistiques

Statistiques générales
  • Ce quiz a été pris 9 fois
  • Le résultat moyen est 211 sur 258
Statistiques - réponses
Hint Réponse % Correct
a
100%
All
100%
an
100%
And
100%
and
100%
away
100%
away)
100%
begged
100%
'Cause
100%
cool
100%
Couplet 1 All
100%
Couplet 2 And
100%
Refrain So,
100%
for
100%
forgiving,
100%
get
100%
giving,
100%
good
100%
here
100%
Here
100%
I
100%
I'll
100%
I'm
100%
is
100%
Is
100%
it
100%
it,
100%
it's
100%
know
100%
let
100%
love
100%
movies
100%
my
100%
not
100%
on
100%
say
100%
slip
100%
So,
100%
take
100%
that
100%
That
100%
the
100%
they
100%
to
100%
TV
100%
want
100%
watch
100%
What
100%
what
100%
when
100%
Yeah,
100%
you
100%
You
100%
you're
100%
at
80%
bed
80%
change
80%
Could
80%
could
80%
devotion
80%
enough
80%
eyes
80%
feel
80%
have
80%
hurting,
80%
in
80%
inside
80%
just
80%
lay
80%
learning,
80%
life
80%
luck
80%
me
80%
needs
80%
never
80%
night
80%
nothing's
80%
of
80%
Of
80%
oh,
80%
(oh,
80%
patient,
80%
penny
80%
pretend
80%
quite
80%
shame,
80%
this
80%
thought
80%
virtue
80%
witness
80%
anchor
60%
But
60%
clear?
60%
endless
60%
fountain,
60%
leave
60%
make
60%
ocean
60%
silently
60%
sit
60%
well
60%
back
40%
dread?
40%
fight
40%
lover's
40%
mountains
40%
normal
40%
overwhelmed,
40%
snow
40%
thing
40%
trapped
40%
undoubtedly
40%
waiting
40%
waves
40%
woah
40%
woah)
40%
ah)
20%
(Careless)
20%
Careless
20%
cling
20%
(Cling
20%
Cling
20%
hope
20%
like)
20%
like
20%
still
20%
underfed
20%
('Way)
20%
melt
0%
(Melt
0%
(ooh,
0%
static
0%
whеn
0%
words
0%
Yеah,
0%
yet
0%
Aucun quiz correspondant
Distribution des résultats
% des personnes avec chaque résultat
Percentile par nombre de réponses
Votre historique - résultats
Vous n’avez pas pris ce quiz